Numerical ranges of model operators and Clark measures

Elmentve itt :
Bibliográfiai részletek
Szerző: Kérchy László
Dokumentumtípus: Cikk
Megjelent: 2020
Sorozat:JOURNAL OF MATHEMATICAL ANALYSIS AND APPLICATIONS 491 No. 1
Tárgyszavak:
doi:10.1016/j.jmaa.2020.124281

mtmt:31651127
Online Access:http://publicatio.bibl.u-szeged.hu/38209
LEADER 00716nab a2200193 i 4500
001 publ38209
005 20251104134031.0
008 251104s2020 hu o 000 eng d
022 |a 0022-247X 
024 7 |a 10.1016/j.jmaa.2020.124281  |2 doi 
024 7 |a 31651127  |2 mtmt 
040 |a SZTE Publicatio Repozitórium  |b hun 
041 |a eng 
100 1 |a Kérchy László 
245 1 0 |a Numerical ranges of model operators and Clark measures  |h [elektronikus dokumentum] /  |c  Kérchy László 
260 |c 2020 
490 0 |a JOURNAL OF MATHEMATICAL ANALYSIS AND APPLICATIONS  |v 491 No. 1 
650 4 |a Matematika 
856 4 0 |u http://publicatio.bibl.u-szeged.hu/38209/1/NumericalrangesofmodeloperatorsandClarkmeasures.pdf  |z Dokumentum-elérés